|
|
|
|
| LEADER |
00000nas a2200000 i 4500 |
| 001 |
ssj0001076709 |
| 003 |
WaSeSS |
| 005 |
20200512172242.0 |
| 006 |
m d |
| 007 |
cr n |
| 008 |
131228c20uu9999pl q| p|s|||||| |0pol d |
| 035 |
|
|
|a (WaSeSS)ssj0001076709
|
| 040 |
|
|
|a WaSeSS
|b eng
|c WaSeSS
|d WaSeSS
|
| 050 |
1 |
4 |
|a TD169
|
| 245 |
0 |
0 |
|a Ochrona Srodowiska
|h [electronic resource].
|
| 260 |
|
|
|a Wrocław, Poland :
|b Polski Zrzeszeni Inzynierow i Technikow
|
| 310 |
|
|
|a Quarterly
|
| 506 |
|
|
|a License restrictions may limit access.
|
| 588 |
|
|
|a Description based on: Volume 33, Number 4 (2011); title from article pdf (ProQuest, viewed Dec. 28, 2013).
|
| 588 |
|
|
|a Latest issue consulted: Volume 35, Number 4 (2013) (viewed Dec. 28, 2013).
|
| 650 |
|
0 |
|a Environmental protection
|v Periodicals.
|
| 655 |
|
0 |
|a Electronic journals.
|
| 776 |
0 |
8 |
|i Print version:
|t Ochrona Srodowiska
|x 1230-6169
|
| 780 |
0 |
0 |
|t Informator - Polskie Zrzeszenie Inżynierów i Techników Sanitarnych Oddział Dolnośląski
|x 1230-6150
|
| 856 |
4 |
0 |
|z Full text available from Research Library: 10/01/2011 to present
|u https://search.proquest.com/publication/1376353
|